<?xml version="1.0" encoding="UTF-8"?>
<record
    xmlns:xsi="http://www.w3.org/2001/XMLSchema-instance"
    xsi:schemaLocation="http://www.loc.gov/MARC21/slim http://www.loc.gov/standards/marcxml/schema/MARC21slim.xsd"
    xmlns="http://www.loc.gov/MARC21/slim">

  <leader>00819nam a2200229 i 4500</leader>
  <controlfield tag="001">180630</controlfield>
  <controlfield tag="003">ES-MaACL</controlfield>
  <controlfield tag="005">20250815113538.0</controlfield>
  <controlfield tag="008">120619s1976    sp           |||| | spa d</controlfield>
  <datafield tag="080" ind1=" " ind2=" ">
    <subfield code="a">541.124:547(043.2)</subfield>
  </datafield>
  <datafield tag="080" ind1=" " ind2=" ">
    <subfield code="a">547:541.124(043.2)</subfield>
  </datafield>
  <datafield tag="100" ind1="1" ind2=" ">
    <subfield code="a">Guerrero P&#xE9;rez, Angel.</subfield>
    <subfield code="9">150645</subfield>
  </datafield>
  <datafield tag="245" ind1="1" ind2="0">
    <subfield code="a">Estudio de la reacci&#xF3;n de Hoaglin-Hirsh / </subfield>
    <subfield code="c">[por] Angel Guerrero P&#xE9;rez.</subfield>
  </datafield>
  <datafield tag="260" ind1=" " ind2=" ">
    <subfield code="a">Barcelona : </subfield>
    <subfield code="b">Universidad, Secretariado de Publicaciones, Intercambio Cient&#xED;fico y Extensi&#xF3;n Universitaria, </subfield>
    <subfield code="c">1976.</subfield>
  </datafield>
  <datafield tag="300" ind1=" " ind2=" ">
    <subfield code="a">16 p. : </subfield>
    <subfield code="b">gr&#xE1;f. ; </subfield>
    <subfield code="c">24 cm.</subfield>
  </datafield>
  <datafield tag="502" ind1=" " ind2=" ">
    <subfield code="a">Tesis-Universidad Barcelona (Extracto)</subfield>
  </datafield>
  <datafield tag="504" ind1=" " ind2=" ">
    <subfield code="a">Bibliografia.</subfield>
  </datafield>
  <datafield tag="650" ind1="0" ind2="7">
    <subfield code="a">Reacciones qu&#xED;micas</subfield>
    <subfield code="2">embne</subfield>
    <subfield code="9">16682</subfield>
  </datafield>
  <datafield tag="710" ind1="2" ind2=" ">
    <subfield code="a">Universidad de Barcelona.</subfield>
    <subfield code="9">7141</subfield>
  </datafield>
  <datafield tag="852" ind1=" " ind2=" ">
    <subfield code="a">ES-MaACL</subfield>
    <subfield code="j">E-15362(169)</subfield>
  </datafield>
  <datafield tag="999" ind1=" " ind2=" ">
    <subfield code="c">180630</subfield>
    <subfield code="d">180630</subfield>
  </datafield>
  <datafield tag="952" ind1=" " ind2=" ">
    <subfield code="0">0</subfield>
    <subfield code="1">0</subfield>
    <subfield code="4">0</subfield>
    <subfield code="7">0</subfield>
    <subfield code="a">ATENEOM</subfield>
    <subfield code="b">ATENEOM</subfield>
    <subfield code="c">DEPO2</subfield>
    <subfield code="d">2012-06-19</subfield>
    <subfield code="e">DON</subfield>
    <subfield code="l">0</subfield>
    <subfield code="o">E-15362(169)</subfield>
    <subfield code="p">1189801</subfield>
    <subfield code="r">2023-02-23 00:00:00</subfield>
    <subfield code="w">2023-02-23</subfield>
    <subfield code="y">MONOGRAFIA</subfield>
  </datafield>
</record>
